Top 3 Players On Each NFL Team 2022 Goat - Statistics

General Stats
  • This quiz has been taken 150 times
  • The average score is 72 of 96
Answer Stats
Team # Answer % Correct
Cardinals 1 Kyler Murray
91%
Chiefs 9 JuJu Smith-Schuster
90%
Ravens 8 Lamar Jackson
90%
Texans 25 Marlon Mack
90%
Bears 58 Roquan Smith
90%
Bills 17 Josh Allen
89%
Cardinals 10 DeAndre Hopkins
88%
Eagles 6 DeVonta Smith
88%
Rams 99 Aaron Donald
86%
Bears 1 Justin Fields
86%
Bills 14 Stefon Diggs
86%
Bucs 12 Tom Brady
86%
Packers 33 Aaron Jones
85%
Packers 12 Aaron Rodgers
85%
Giants 8 Daniel Jones
85%
Eagles 62 Jason Kelce
85%
Pats 10 Mac Jones
85%
Rams 9 Matthew Stafford
85%
Chiefs 87 Travis Kelce
85%
Chiefs 15 Patrick Mahomes
84%
Bengals 1 Ja'Marr Chase
83%
Bengals 9 Joe Burrow
83%
Broncos 3 Russell Wilson
83%
Titans 11 AJ Brown
82%
Cowboys 4 Dak Prescott
82%
Titans 22 Derrick Henry
82%
Ravens 5 Hollywood Brown
82%
Pats 85 Hunter Henry
82%
Chargers 97 Joey Bosa
82%
Broncos 2 Patrick Surtain II
82%
Panthers 11 Robby Anderson
82%
Jets 2 Zach Wilson
82%
Texans 13 Brandon Cooks
81%
Texans 10 David Mills
81%
Chargers 10 Justin Herbert
81%
Vikings 18 Justin Jefferson
81%
Chargers 52 Kahlil Mack
81%
Ravens 89 Mark Andrews
81%
49ers 97 Nick Bosa
81%
Jags 16 Trevor Lawrence
81%
Dolphins 10 Tyreek Hill
81%
Lions 32 D'Andre Swift
80%
Seahawks 33 Jamal Adams
80%
Jets 77 Mekhi Becton
80%
Bucs 13 Mike Evans
80%
Steelers 90 TJ Watt
80%
Raiders 17 Davante Adams
79%
Cowboys 21 Ezekiel Elliott
79%
Rams 5 Jalen Ramsey
79%
Seahawks 14 DK Metcalf
78%
Browns 24 Nick Chubb
78%
Dolphins 1 Tua Tagovailoa
78%
Colts 2 Matt Ryan
77%
Panthers 22 Christian McCaffrey
76%
Eagles 1 Jalen Hurts
76%
Bengals 28 Joe Mixon
76%
Bucs 14 Chris Godwin
75%
Raiders 4 Derek Carr
75%
49ers 85 George Kittle
75%
Browns 95 Myles Garrett
75%
Browns 4 Deshaun Watson
74%
Jets 8 Elijah Moore
74%
Lions 16 Jared Goff
74%
Giants 26 Saquon Barkley
74%
Dolphins 17 Jaylen Waddle
73%
Falcons 8 Kyle Pitts
73%
Saints 13 Michael Thomas
73%
Vikings 33 Dalvin Cook
72%
Panthers 2 DJ Moore
72%
Vikings 19 Adam Thielen
70%
Commanders 17 Terry McLaurin
70%
Bills 40 Von Miller
70%
Saints 41 Alvin Kamara
69%
Titans 17 Ryan Tannehill
69%
Commanders 99 Chase Young
68%
Bears 32 David Montgomery
68%
Saints 94 Cam Jordan
67%
Broncos 10 Jerry Jeudy
67%
Cowboys 11 Micah Parsons
66%
Colts 11 Michael Pittman Jr
66%
Raiders 83 Darren Waller
65%
Packers 23 Jaire Alexander
65%
Steelers 22 Najee Harris
65%
Jags 13 Christain Kirk
61%
Cardinals 6 James Conner
61%
Steelers 97 Cam Heyward
60%
49ers 5 Trey Lance
60%
Falcons 18 Calvin Ridley
59%
Colts 53 Darius Leonard
59%
Commanders 24 Antonio Gibson
56%
Falcons 84 Cordarrelle Patterson
55%
Giants 19 Kenny Golladay
55%
Jags 88 Evan Engram
52%
Pats 9 Matthew Judon
52%
Lions 17 DJ Chark
34%
Seahawks 16 Tyler Lockett
22%
No matching quizzes found
Score Distribution
Percent of People with Each Score
Percentile by Number Answered
Your Score History
You have not taken this quiz